000 00282nam a2200121 a 4500
001 4140
005 20140414131850.0
008 090218s19uu xx 00 eng d
050 _aM 550
_bOr5 2003
100 _aOrme, Helen
245 _aWhat are rainbows made of?.
999 _c110134
_d110134